<?xml version="1.0" encoding="UTF-8"?>
<record
    xmlns:xsi="http://www.w3.org/2001/XMLSchema-instance"
    xsi:schemaLocation="http://www.loc.gov/MARC21/slim http://www.loc.gov/standards/marcxml/schema/MARC21slim.xsd"
    xmlns="http://www.loc.gov/MARC21/slim">

  <leader>02237njm a2200337Ia 4500</leader>
  <controlfield tag="001">G7131</controlfield>
  <controlfield tag="003">IT-RoPAU</controlfield>
  <controlfield tag="005">20220918181206.0</controlfield>
  <controlfield tag="008">131025s9999    xx            000 0 und d</controlfield>
  <datafield tag="040" ind1=" " ind2=" ">
    <subfield code="a">IT-RoPAU</subfield>
  </datafield>
  <datafield tag="040" ind1=" " ind2=" ">
    <subfield code="c">IT-RoPAU</subfield>
  </datafield>
  <datafield tag="041" ind1=" " ind2=" ">
    <subfield code="a">SPAGNOLO</subfield>
  </datafield>
  <datafield tag="999" ind1=" " ind2=" ">
    <subfield code="c">103465</subfield>
    <subfield code="d">103465</subfield>
  </datafield>
  <datafield tag="999" ind1=" " ind2=" ">
    <subfield code="b">n.d.</subfield>
  </datafield>
  <datafield tag="100" ind1=" " ind2=" ">
    <subfield code="a">De Lucia Paco</subfield>
    <subfield code="9">22744</subfield>
  </datafield>
  <datafield tag="100" ind1=" " ind2=" ">
    <subfield code="e">Autore musica</subfield>
    <subfield code="9">33002</subfield>
  </datafield>
  <datafield tag="100" ind1=" " ind2=" ">
    <subfield code="g">Codice autore musica SPICS: 11612</subfield>
    <subfield code="9">22746</subfield>
  </datafield>
  <datafield tag="245" ind1=" " ind2=" ">
    <subfield code="a">Fabulosa guitarra (La) - Fantasia flamenca - El duende flamenco</subfield>
  </datafield>
  <datafield tag="250" ind1=" " ind2=" ">
    <subfield code="a">2a ed.</subfield>
  </datafield>
  <datafield tag="260" ind1=" " ind2=" ">
    <subfield code="a">MADRID</subfield>
  </datafield>
  <datafield tag="260" ind1=" " ind2=" ">
    <subfield code="b">POLYGRAM IBERICA</subfield>
    <subfield code="c">1995 [1a Ed.:1967 - Ed. Lingua Orig.: 1967]</subfield>
  </datafield>
  <datafield tag="300" ind1=" " ind2=" ">
    <subfield code="a">COMPACT DISC</subfield>
  </datafield>
  <datafield tag="300" ind1=" " ind2=" ">
    <subfield code="c">107 minuti (Testo: 0 pag.)</subfield>
  </datafield>
  <datafield tag="500" ind1=" " ind2=" ">
    <subfield code="a">Musica strumentale, flamenco. Tre cd con note biografiche sull'autore e riflessioni sulla sua opera artistica da parte di Faustino Nunez.</subfield>
  </datafield>
  <datafield tag="505" ind1=" " ind2=" ">
    <subfield code="a">Primo cd "La Fabulosa Guitarra" (1967), con 10 brani: 1. Gitanos Trianeros (3:42) - 2. Llanto  Cadiz (3:27) - 3. Recuerdo a Patino (3:08) - 4. Punta Umbria (3:24) - 5. Jerezana (3:02) - 6. Viva la union (4:42) - 7. Llora la siguiriya (3:16) - 8. En la caleta (3:23) - 9. Impetu (2:57) - 10. El tajo (3:33). Secondo cd "Fantasia Flamenca" (1969), con 10 brani:  1. Aires de linares (6:04) - 2. Mi inspiracion (3:09) - 3. Guajiras de Lucia (3:21) - 4. Mantilla de feria (3:17) - 5. El tempul (3:28) - 6. Panaderos flamencos (2:37) - 7. Generalife bajo la luna (4:41) - 8. Fiesta en moguer (3:16) - 9. Lamento minero (4:21) - 10. Celosa (3:08). Terzo cd "El Duende Flamenco" (1972), con 10 brani: 1. Percusion Flamenca (3:42) - 2. Barrio la vina (3:25) - 3. Doblan Campanas (5:45) - 4. Farruca de Lucia (4:36) - 5. Tientos del mentidero (3:27) - 6. Farolillo de feria (4:06) - 7. De madrug&#xE0; (3:11) - 8. Cuando canta el gallo (3:49) - 9. Punta del faro (3:59) - 10. Canastera (4:11).</subfield>
  </datafield>
  <datafield tag="511" ind1=" " ind2=" ">
    <subfield code="a">Paco De Lucia, Jos&#xE9; Torregrosa</subfield>
  </datafield>
  <datafield tag="650" ind1=" " ind2=" ">
    <subfield code="a">FLAMENCO [COMPACT DISC]</subfield>
    <subfield code="e">Codice MATERIA SPICS: 9949</subfield>
    <subfield code="9">33003</subfield>
  </datafield>
  <datafield tag="700" ind1=" " ind2=" ">
    <subfield code="a">De Lucia Paco</subfield>
    <subfield code="e">Autore testo e musica</subfield>
    <subfield code="g">Codice autore testo/musica SPICS: 11612</subfield>
    <subfield code="9">33004</subfield>
  </datafield>
  <datafield tag="700" ind1=" " ind2=" ">
    <subfield code="a">Torregrosa Jos&#xE9;</subfield>
    <subfield code="g">Codice autore SPICS: 55550</subfield>
    <subfield code="e">Autore</subfield>
    <subfield code="9">33005</subfield>
  </datafield>
  <datafield tag="700" ind1=" " ind2=" ">
    <subfield code="a">De Lucia Paco</subfield>
    <subfield code="e">Interprete</subfield>
    <subfield code="g">Codice interprete SPICS: 11612</subfield>
    <subfield code="9">33006</subfield>
  </datafield>
  <datafield tag="942" ind1=" " ind2=" ">
    <subfield code="c">CD</subfield>
    <subfield code="2">ddc</subfield>
  </datafield>
  <datafield tag="952" ind1=" " ind2=" ">
    <subfield code="0">0</subfield>
    <subfield code="1">0</subfield>
    <subfield code="4">0</subfield>
    <subfield code="6">G_7131_000000000000000</subfield>
    <subfield code="7">1</subfield>
    <subfield code="a">SPICS</subfield>
    <subfield code="b">SPICS</subfield>
    <subfield code="d">2013-10-25</subfield>
    <subfield code="l">0</subfield>
    <subfield code="o">G7131</subfield>
    <subfield code="r">2013-10-25 00:00:00</subfield>
    <subfield code="w">2013-10-25</subfield>
    <subfield code="y">CD</subfield>
    <subfield code="z">Progr. Ins.: 22891 / N.Vol.: 3 / Copie: 1 - Copia rara: n.d. / date import: 01.01.2014 - By Epidotti, Trombetti, Vaglietti</subfield>
  </datafield>
</record>
